| 000 | 00650nam a2200193 i 4500 | ||
|---|---|---|---|
| 001 | 59229 | ||
| 003 | ES-MaACL | ||
| 005 | 20251014063123.0 | ||
| 007 | t| | ||
| 008 | 031028s1912 fr ||||1| fre d | ||
| 100 | 1 |
_aEmerson, Ralph Waldo, _d1803-1882 _947147 |
|
| 245 | 1 | 4 |
_aLes forces éternelles et autres essais / _cRalph Waldo Emerson ; traduit de l'anglais par K. Johnston ; avec une préface de Bliss Perry. |
| 260 |
_aParis : _bMercure de France, _c1912 ( _fE. Arrault) |
||
| 300 |
_a241 p. ; _c19 cm. |
||
| 700 | 1 |
_aJohnston, K. _966776 |
|
| 700 | 1 |
_aPerry, Bliss. _991386 |
|
| 852 |
_aES-MaACL _jF-10050 |
||
| 999 |
_c59229 _d59229 |
||